000 00235 a2200109 4500
001 12603
090 _c9613
_d9613
100 _aHutchinson,J
245 _aNations as Zones of Conflict
260 _aLONDON
_bLucem
_c2005
300 _aviii, 213 p.
942 _aNUST-CAE
999 _c247676
_d247676